000 00867nam a22002417a 4500
003 UA-OsUOA
001 50327
007 ta
008 20140603b un ||||| |||| 00| 0 ukr d
100 _aФилин Ф.
090 _a81
_bФ53
942 _cBK
040 _aUA-OsUOA
_bukr
_cUA-OsUOA
_dUA-OsUOA
245 _aПроисхождение русского, украинского и белорусского языков
_bисторико-диалектологический очерк
300 _a654 с.
955 _a1
041 _aukr
080 _a81
260 _aЛенинград
_bНаука
_c1972
650 7 _a8 Мовознавство. Художня література. Літературознавство
_2UDC
999 _c430452
_d430452